| 000 | 00412nam a2200157Ia 4500 | ||
|---|---|---|---|
| 008 | 151213s9999 xx 000 0 und d | ||
| 020 | _a984-32-1376-9 | ||
| 100 | _aErnest Hamingway | ||
| 245 |
_aThe Sun Also Rises _cErnest Hamingway |
||
| 260 |
_aFriend's Clas Dhaka _bFriend'S Clam'es _c2004 |
||
| 300 | _a5495 p. | ||
| 650 | _aEnglish | ||
| 650 | _aEnglish | ||
| 700 | _aErnest Hamingway | ||
| 999 |
_c3288 _d3288 |
||